Statistics for FIFA 23 Top Rated Teams

Click here to take the quiz!

General Stats

  • This quiz has been taken 118 times
  • The average score is 13 of 20

Answer Stats

ATT | MID | DEFTeam% Correct
85 86 84Real Madrid
99%
84 85 82FC Barcelona
98%
85 86 86Manchester City
98%
81 84 81Manchester United
93%
87 83 83Paris Saint-Germain
93%
84 82 85Liverpool
90%
83 85 83Chelsea
86%
84 81 79Arsenal
82%
73 81 82Borussia Dortmund
82%
81 81 80AC Milan
80%
83 80 81Juventus
78%
85 83 83Inter Milan
77%
83 81 80Tottenham Hotspur
74%
82 78 81Roma
50%
76 86 83Bayern Munchen
47%
78 82 80Sevilla
43%
83 81 80RB Leipzig
19%
81 79 80Bayer Leverkusen
11%
82 83 81Atletico de Madrid
9%
82 80 79Villarreal CF
2%

Score Distribution

Percentile by Number Answered

Percent of People with Each Score

Your Score History

You have not taken this quiz